000 00739nam a2200241 i 4500
003 DO-SdBNP
005 20240307073943.0
006 a||||fr|||| 00| 0
007 ta
008 230609e2011 dr a|||| |||| 00| 0 spa d
020 _a9789945472066
040 _aDO-SdBNP
_bspa
_cBNPHU
_erda
082 4 _222
_bR128c
245 1 0 _aCiencia de los materiales:
_bmanuales de prácticas
_cVesselina Redeva
264 1 _aSanto Domingo :
_bINTEC,
_c©2011
300 _a90 páginas :
_bIlustraciones ;
_c27 cm.
336 _2rdaconten
_atexto
_btxt
337 _2rdamedia
_asin medición
_bn
338 _2rdacarrier
_avolumen
_bnc
590 _aInventariado 2023 / MF
710 2 _aInstituto Tecnológico de Santo Domingo
_978911
942 _2ddc
_cLBS1
999 _c53761
_d53761